[Event "Ekstraliga 2019"]
[Site "Katowice"]
[Date "2019.09.02"]
[Round "6.2"]
[White "Brodowski, Piotr"]
[Black "Shevchenko, Kirill"]
[Result "1/2-1/2"]
[BlackElo "2556"]
[WhiteElo "2430"]
[WhiteTeam "Bialy Krol Wisznia Mala"]
[BlackTeam "KSz Miedz Legnica"]
[LiveChessVersion "1.4.8"]

1. c4 {[%clk 1:30:53]} Nf6 {[%clk 1:30:54]} 2. g3 {[%clk 1:31:18]} g6
{[%clk 1:31:16]} 3. Bg2 {[%clk 1:31:38]} Bg7 {[%clk 1:31:41]} 4. Nc3
{[%clk 1:31:40]} O-O {[%clk 1:31:59]} 5. d4 {[%clk 1:31:15]} d6 {[%clk 1:32:18]}
6. e4 {[%clk 1:31:32]} Nfd7 {[%clk 1:29:26]} 7. Nge2 {[%clk 1:31:05]} c5
{[%clk 1:28:19]} 8. O-O {[%clk 1:22:39]} cxd4 {[%clk 1:20:43]} 9. Nxd4
{[%clk 1:22:27]} Nc6 {[%clk 1:21:08]} 10. Nde2 {[%clk 1:19:01]} a6
{[%clk 1:18:56]} 11. Be3 {[%clk 1:09:12]} Nde5 {[%clk 1:03:06]} 12. b3
{[%clk 1:06:53]} b5 {[%clk 0:57:32]} 13. h3 {[%clk 1:01:17]} bxc4
{[%clk 0:48:57]} 14. f4 {[%clk 1:01:35]} Nd3 {[%clk 0:48:30]} 15. e5
{[%clk 0:57:46]} Bd7 {[%clk 0:44:56]} 16. Qd2 {[%clk 0:46:31]} Rb8
{[%clk 0:31:52]} 17. Rab1 {[%clk 0:44:54]} Na5 {[%clk 0:23:33]} 18. bxc4
{[%clk 0:25:08]} Nb4 {[%clk 0:18:36]} 19. Ba7 {[%clk 0:25:25]} Ra8
{[%clk 0:14:29]} 20. Bf2 {[%clk 0:25:38]} Rb8 {[%clk 0:12:22]} 21. Ne4
{[%clk 0:18:55]} Nbc6 {[%clk 0:09:38]} 22. exd6 {[%clk 0:19:07]} Nxc4
{[%clk 0:07:46]} 23. dxe7 {[%clk 0:14:55]} Qxe7 {[%clk 0:08:01]} 24. Qd5
{[%clk 0:15:20]} Qe6 {[%clk 0:03:54]} 25. Nc5 {[%clk 0:09:02]} Qxd5
{[%clk 0:03:56]} 26. Bxd5 {[%clk 0:09:23]} Bxh3 {[%clk 0:04:21]} 27. Bxc4
{[%clk 0:05:24]} Bxf1 {[%clk 0:04:45]} 28. Rxb8 {[%clk 0:05:04]} Rxb8
{[%clk 0:04:16]} 29. Kxf1 {[%clk 0:05:30]} a5 {[%clk 0:03:14]} 30. a4
{[%clk 0:05:50]} Ne7 {[%clk 0:02:26]} 31. Bb5 {[%clk 0:05:47]} Nf5
{[%clk 0:02:00]} 32. Ne4 {[%clk 0:05:30]} h5 {[%clk 0:01:49]} 33. Be1
{[%clk 0:05:30]} Ra8 {[%clk 0:01:31]} 34. N2c3 {[%clk 0:03:38]} Nd4
{[%clk 0:01:37]} 35. Bc4 {[%clk 0:03:53]} Nf3 {[%clk 0:01:15]} 36. Bd5
{[%clk 0:02:07]} Rd8 {[%clk 0:01:08]} 37. Ke2 {[%clk 0:00:33]} Nxe1
{[%clk 0:01:18]} 38. Kxe1 {[%clk 0:00:59]} Kf8 {[%clk 0:01:48]} 39. Ke2
{[%clk 0:00:49]} f5 {[%clk 0:01:13]} 40. Nc5 {[%clk 0:30:45]} Re8+
{[%clk 0:30:39]} 41. N3e4 {[%clk 0:18:15]} Ke7 {[%clk 0:16:49]} 42. Ne6
{[%clk 0:17:19]} fxe4 {[%clk 0:10:02]} 43. Nxg7 {[%clk 0:17:43]} Rd8
{[%clk 0:10:22]} 44. Bc4 {[%clk 0:18:04]} Rc8 {[%clk 0:09:00]} 45. Bb5
{[%clk 0:18:15]} Rc3 {[%clk 0:08:19]} 46. Kf2 {[%clk 0:18:24]} Rf3+
{[%clk 0:04:27]} 47. Kg2 {[%clk 0:18:44]} Rb3 {[%clk 0:04:51]} 48. Kf2
{[%clk 0:18:38]} Rf3+ {[%clk 0:02:43]} 49. Kg2 {[%clk 0:18:59]} h4
{[%clk 0:03:01]} 50. gxh4 {[%clk 0:18:29]} Rxf4 {[%clk 0:03:28]} 51. h5
{[%clk 0:18:57]} Rg4+ {[%clk 0:00:41]} 52. Kh3 {[%clk 0:09:50]} Rg1
{[%clk 0:00:52]} 53. hxg6 {[%clk 0:09:49]} Rxg6 {[%clk 0:00:56]} 54. Nf5+
{[%clk 0:10:12]} Ke6 {[%clk 0:01:00]} 55. Ne3 {[%clk 0:05:33]} Rg7
{[%clk 0:01:06]} 56. Nc4 {[%clk 0:05:38]} Ra7 {[%clk 0:01:29]} 57. Kg3
{[%clk 0:05:35]} Kd5 {[%clk 0:01:51]} 58. Kf4 {[%clk 0:05:53]} Rf7+
{[%clk 0:00:52]} 59. Ke3 {[%clk 0:06:17]} Ra7 {[%clk 0:01:10]} 60. Nb6+
{[%clk 0:05:52]} Kc5 {[%clk 0:00:54]} 61. Nd7+ {[%clk 0:06:11]} Kb4
{[%clk 0:01:08]} 62. Nf6 {[%clk 0:02:46]} Rf7 {[%clk 0:00:53]} 63. Nd5+
{[%clk 0:03:08]} Kc5 {[%clk 0:01:09]} 64. Kxe4 {[%clk 0:03:16]} Rh7
{[%clk 0:01:14]} 65. Nf4 {[%clk 0:03:26]} Re7+ {[%clk 0:01:04]} 66. Kd3
{[%clk 0:03:38]} Re1 {[%clk 0:01:13]} 67. Kc2 {[%clk 0:03:38]} Rh1
{[%clk 0:01:21]} 68. Nd3+ {[%clk 0:03:51]} Kd4 {[%clk 0:01:43]} 69. Nc1
{[%clk 0:03:53]} Rh2+ {[%clk 0:01:49]} 70. Ne2+ {[%clk 0:03:58]} Ke3
{[%clk 0:01:45]} 71. Kb3 {[%clk 0:04:03]} Rxe2 {[%clk 0:01:56]} 72. Bxe2
{[%clk 0:04:29]} Kxe2 {[%clk 0:02:24]} 73. Kc4 {[%clk 0:04:57]} Ke3
{[%clk 0:02:50]} 74. Kb5 {[%clk 0:05:24]} Kd4 {[%clk 0:03:16]} 75. Kxa5
{[%clk 0:05:50]} Kc5 {[%clk 0:03:43]} 76. Ka6 {[%clk 0:06:17]} Kc6
{[%clk 0:04:10]} 77. Ka7 {[%clk 0:06:45]} Kc7 {[%clk 0:04:36]} 78. a5
{[%clk 0:07:13]} Kc8 {[%clk 0:05:01]} 79. Ka8 {[%clk 0:07:42]} Kc7
{[%clk 0:05:27]} 80. a6 {[%clk 0:08:10]} Kc8 {[%clk 0:05:53]} 81. a7 1/2-1/2

[Event "Ekstraliga 2019"]
[Site "Katowice"]
[Date "2019.09.02"]
[Round "6.7"]
[White "Huschenbeth, Niclas"]
[Black "Heberla, Bartlomiej"]
[Result "1-0"]
[BlackElo "2552"]
[WhiteElo "2620"]
[WhiteTeam "KSz Silesia Raciborz"]
[BlackTeam "Baszta MOS Znin"]
[LiveChessVersion "1.4.8"]

1. e4 {[%clk 1:30:57]} e5 {[%clk 1:30:55]} 2. Nf3 {[%clk 1:31:24]} Nf6
{[%clk 1:31:21]} 3. Nxe5 {[%clk 1:31:50]} d6 {[%clk 1:31:46]} 4. Nf3
{[%clk 1:32:15]} Nxe4 {[%clk 1:32:11]} 5. Nc3 {[%clk 1:32:42]} Nxc3
{[%clk 1:32:29]} 6. dxc3 {[%clk 1:33:08]} Be7 {[%clk 1:32:50]} 7. Be3
{[%clk 1:33:34]} Nd7 {[%clk 1:32:38]} 8. Qd2 {[%clk 1:33:56]} Nf6
{[%clk 1:32:38]} 9. O-O-O {[%clk 1:34:09]} O-O {[%clk 1:33:02]} 10. Bd3
{[%clk 1:34:34]} c5 {[%clk 1:33:26]} 11. Rhe1 {[%clk 1:32:48]} Be6
{[%clk 1:33:41]} 12. Kb1 {[%clk 1:32:51]} Qa5 {[%clk 1:33:47]} 13. c4
{[%clk 1:33:16]} Qxd2 {[%clk 1:34:12]} 14. Bxd2 {[%clk 1:33:38]} Rfe8
{[%clk 1:34:22]} 15. Bc3 {[%clk 1:26:13]} h6 {[%clk 1:32:33]} 16. h3
{[%clk 1:26:39]} Rad8 {[%clk 1:22:37]} 17. g4 {[%clk 1:26:06]} Nd7
{[%clk 1:21:09]} 18. Be4 {[%clk 1:16:08]} Nb6 {[%clk 0:59:03]} 19. Ba5
{[%clk 1:06:28]} Bxc4 {[%clk 0:50:11]} 20. Bxb7 {[%clk 1:06:27]} Bb5
{[%clk 0:45:02]} 21. b3 {[%clk 1:02:09]} Rb8 {[%clk 0:44:41]} 22. Be4
{[%clk 1:01:42]} Bf6 {[%clk 0:38:40]} 23. Rxd6 {[%clk 0:51:28]} Nc4
{[%clk 0:31:16]} 24. Rxf6 {[%clk 0:50:21]} gxf6 {[%clk 0:31:14]} 25. Bc7
{[%clk 0:50:08]} Ne5 {[%clk 0:27:10]} 26. Nxe5 {[%clk 0:41:23]} Rbc8
{[%clk 0:27:36]} 27. Bd6 {[%clk 0:40:50]} fxe5 {[%clk 0:23:43]} 28. c4
{[%clk 0:36:55]} Bc6 {[%clk 0:15:38]} 29. Bf5 {[%clk 0:37:17]} Rcd8
{[%clk 0:15:45]} 30. Bxc5 {[%clk 0:37:25]} a6 {[%clk 0:15:04]} 31. Kc2
{[%clk 0:34:16]} e4 {[%clk 0:12:43]} 32. Be3 {[%clk 0:33:59]} Kg7
{[%clk 0:12:40]} 33. Rg1 {[%clk 0:28:42]} Rd3 {[%clk 0:06:52]} 34. h4
{[%clk 0:26:06]} Red8 {[%clk 0:01:17]} 35. h5 {[%clk 0:23:45]} f6
{[%clk 0:01:45]} 36. Re1 {[%clk 0:09:26]} a5 {[%clk 0:02:12]} 37. Bc1
{[%clk 0:09:12]} R8d4 {[%clk 0:01:18]} 38. Re2 {[%clk 0:08:54]} Rd1
{[%clk 0:01:36]} 39. Bd2 {[%clk 0:06:30]} Rf1 {[%clk 0:00:35]} 40. Bxa5
{[%clk 0:36:13]} Rdd1 {[%clk 0:30:31]} 41. Bb6 {[%clk 0:34:06]} 1-0

[Event "Ekstraliga 2019"]
[Site "Katowice"]
[Date "2019.09.02"]
[Round "6.8"]
[White "Maksimenko, Andrei"]
[Black "Hracek, Zbynek"]
[Result "1/2-1/2"]
[BlackElo "2572"]
[WhiteElo "2468"]
[WhiteTeam "Baszta MOS Znin"]
[BlackTeam "KSz Silesia Raciborz"]
[LiveChessVersion "1.4.8"]

1. d4 {[%clk 1:30:57]} Nf6 {[%clk 1:30:54]} 2. c4 {[%clk 1:31:19]} e6
{[%clk 1:31:19]} 3. Nc3 {[%clk 1:31:38]} d5 {[%clk 1:31:40]} 4. Bg5
{[%clk 1:30:51]} Be7 {[%clk 1:31:32]} 5. e3 {[%clk 1:30:54]} O-O {[%clk 1:31:05]}
6. Nf3 {[%clk 1:31:16]} h6 {[%clk 1:31:13]} 7. Bh4 {[%clk 1:31:39]} Ne4
{[%clk 1:30:51]} 8. Bxe7 {[%clk 1:31:50]} Qxe7 {[%clk 1:31:15]} 9. Rc1
{[%clk 1:30:52]} Nxc3 {[%clk 1:27:05]} 10. Rxc3 {[%clk 1:28:36]} c6
{[%clk 1:26:35]} 11. Qc2 {[%clk 1:27:45]} Nd7 {[%clk 1:26:28]} 12. Be2
{[%clk 1:27:11]} dxc4 {[%clk 1:24:06]} 13. Rxc4 {[%clk 1:27:08]} e5
{[%clk 1:24:26]} 14. O-O {[%clk 1:25:22]} exd4 {[%clk 1:24:08]} 15. Rxd4
{[%clk 1:21:03]} Nf6 {[%clk 1:24:15]} 16. Rfd1 {[%clk 1:18:16]} c5
{[%clk 1:21:25]} 17. Rd6 {[%clk 1:16:58]} b6 {[%clk 1:16:48]} 18. h3
{[%clk 1:15:44]} Ne4 {[%clk 1:16:44]} 19. R6d5 {[%clk 1:15:58]} Nf6
{[%clk 1:16:49]} 20. Rd6 {[%clk 1:15:03]} Ne4 {[%clk 1:12:02]} 21. R6d5
{[%clk 1:15:21]} Nf6 {[%clk 1:12:26]} 1/2-1/2

[Event "Ekstraliga 2019"]
[Site "Katowice"]
[Date "2019.09.02"]
[Round "6.13"]
[White "Wojtaszek, Radoslaw"]
[Black "Piorun, Kacper"]
[Result "1-0"]
[BlackElo "2660"]
[WhiteElo "2739"]
[WhiteTeam "Wasko HETMAN GKS Katowice"]
[BlackTeam "KSz Stilon Gorzow"]
[LiveChessVersion "1.4.8"]

1. d4 {[%clk 1:30:57]} d5 {[%clk 1:30:52]} 2. c4 {[%clk 1:31:22]} e6
{[%clk 1:31:17]} 3. Nc3 {[%clk 1:31:44]} a6 {[%clk 1:31:31]} 4. cxd5
{[%clk 1:31:55]} exd5 {[%clk 1:31:55]} 5. Bf4 {[%clk 1:32:13]} c6
{[%clk 1:32:07]} 6. e3 {[%clk 1:32:33]} Bd6 {[%clk 1:32:23]} 7. Qf3
{[%clk 1:31:59]} Ne7 {[%clk 1:32:07]} 8. Bd3 {[%clk 1:27:37]} Bf5
{[%clk 1:29:29]} 9. Bxf5 {[%clk 1:27:32]} Nxf5 {[%clk 1:29:48]} 10. Nge2
{[%clk 1:26:03]} Nd7 {[%clk 1:08:15]} 11. h4 {[%clk 1:14:28]} Bxf4
{[%clk 0:57:10]} 12. Qxf4 {[%clk 1:14:10]} Ne7 {[%clk 0:53:13]} 13. h5
{[%clk 1:14:30]} h6 {[%clk 0:53:18]} 14. f3 {[%clk 1:14:25]} Qb8 {[%clk 0:50:42]}
15. Qg4 {[%clk 1:11:42]} Qd6 {[%clk 0:45:02]} 16. e4 {[%clk 1:07:12]} dxe4
{[%clk 0:34:01]} 17. fxe4 {[%clk 1:07:31]} O-O {[%clk 0:33:45]} 18. O-O
{[%clk 0:54:50]} c5 {[%clk 0:31:45]} 19. Rad1 {[%clk 0:43:20]} Rad8
{[%clk 0:26:04]} 20. e5 {[%clk 0:40:31]} Qe6 {[%clk 0:21:38]} 21. Qxe6
{[%clk 0:39:13]} fxe6 {[%clk 0:22:05]} 22. dxc5 {[%clk 0:39:33]} Rxf1+
{[%clk 0:19:53]} 23. Kxf1 {[%clk 0:39:20]} Nc6 {[%clk 0:19:11]} 24. Ne4
{[%clk 0:37:00]} Ndxe5 {[%clk 0:14:08]} 25. Rxd8+ {[%clk 0:37:17]} Nxd8
{[%clk 0:14:34]} 26. Nf4 {[%clk 0:34:36]} Kf7 {[%clk 0:13:42]} 27. Ke2
{[%clk 0:35:01]} Nec6 {[%clk 0:10:53]} 28. a3 {[%clk 0:28:52]} e5
{[%clk 0:10:44]} 29. Nd5 {[%clk 0:29:19]} Ke6 {[%clk 0:08:27]} 30. Ne3
{[%clk 0:28:46]} Nd4+ {[%clk 0:06:30]} 31. Kd3 {[%clk 0:29:08]} N8c6
{[%clk 0:04:36]} 32. g4 {[%clk 0:19:31]} Ne7 {[%clk 0:01:53]} 33. b4
{[%clk 0:18:09]} Nd5 {[%clk 0:01:24]} 34. Nxd5 {[%clk 0:15:36]} Kxd5
{[%clk 0:01:49]} 35. Nc3+ {[%clk 0:16:02]} Ke6 {[%clk 0:02:12]} 36. a4
{[%clk 0:09:45]} Nf3 {[%clk 0:02:30]} 37. Nd1 {[%clk 0:08:21]} Nd4
{[%clk 0:00:43]} 38. Ne3 {[%clk 0:06:41]} Kf6 {[%clk 0:00:44]} 39. Ke4
{[%clk 0:06:41]} Kg5 {[%clk 0:00:32]} 40. Nf5 {[%clk 0:37:02]} Nc6
{[%clk 0:30:34]} 41. b5 {[%clk 0:37:16]} axb5 {[%clk 0:30:24]} 42. axb5
{[%clk 0:37:41]} Na7 {[%clk 0:30:41]} 43. Nd6 {[%clk 0:33:36]} Kxg4
{[%clk 0:30:57]} 44. b6 {[%clk 0:33:44]} Nc6 {[%clk 0:31:24]} 45. Nxb7
{[%clk 0:34:09]} Kxh5 {[%clk 0:29:47]} 46. Nd6 {[%clk 0:34:13]} g5
{[%clk 0:29:05]} 47. b7 {[%clk 0:34:03]} g4 {[%clk 0:29:30]} 48. Nf5
{[%clk 0:34:13]} 1-0

[Event "Ekstraliga 2019"]
[Site "Katowice"]
[Date "2019.09.02"]
[Round "6.14"]
[White "Bluebaum, Matthias"]
[Black "Duda, Jan-Krzysztof"]
[Result "1/2-1/2"]
[BlackElo "2730"]
[WhiteElo "2619"]
[WhiteTeam "KSz Stilon Gorzow"]
[BlackTeam "Wasko HETMAN GKS Katowice"]
[LiveChessVersion "1.4.8"]

1. d4 {[%clk 1:30:56]} Nf6 {[%clk 1:30:51]} 2. c4 {[%clk 1:31:19]} e6
{[%clk 1:31:12]} 3. Nc3 {[%clk 1:31:32]} Bb4 {[%clk 1:31:36]} 4. e3
{[%clk 1:31:58]} O-O {[%clk 1:31:57]} 5. Bd2 {[%clk 1:32:22]} c5 {[%clk 1:30:55]}
6. a3 {[%clk 1:32:34]} Bxc3 {[%clk 1:31:19]} 7. Bxc3 {[%clk 1:33:00]} Ne4
{[%clk 1:31:22]} 8. Ne2 {[%clk 1:33:25]} d6 {[%clk 1:27:55]} 9. dxc5
{[%clk 1:31:17]} dxc5 {[%clk 1:27:36]} 10. Qc2 {[%clk 1:31:19]} Nxc3
{[%clk 1:25:28]} 11. Nxc3 {[%clk 1:31:45]} Qe7 {[%clk 1:24:34]} 12. Bd3
{[%clk 1:28:26]} h6 {[%clk 1:24:58]} 13. O-O-O {[%clk 1:26:52]} Bd7
{[%clk 1:23:06]} 14. f4 {[%clk 1:16:10]} Bc6 {[%clk 1:02:26]} 15. Rhg1
{[%clk 1:15:20]} Nd7 {[%clk 1:01:25]} 16. g4 {[%clk 1:13:18]} Rfd8
{[%clk 0:52:43]} 17. g5 {[%clk 1:01:28]} h5 {[%clk 0:52:39]} 18. Be4
{[%clk 0:57:15]} Bxe4 {[%clk 0:41:35]} 19. Nxe4 {[%clk 0:56:17]} f5
{[%clk 0:42:00]} 20. gxf6 {[%clk 0:50:59]} Nxf6 {[%clk 0:41:58]} 21. Nxf6+
{[%clk 0:49:18]} Qxf6 {[%clk 0:42:22]} 22. Rg5 {[%clk 0:49:41]} Rxd1+
{[%clk 0:38:16]} 23. Qxd1 {[%clk 0:50:06]} Rd8 {[%clk 0:36:41]} 24. Qxh5
{[%clk 0:49:00]} b6 {[%clk 0:37:03]} 25. Qg4 {[%clk 0:43:41]} Qf7
{[%clk 0:37:03]} 26. Rg6 {[%clk 0:39:42]} Re8 {[%clk 0:27:15]} 27. h4
{[%clk 0:37:03]} Qd7 {[%clk 0:23:16]} 28. Qg5 {[%clk 0:26:32]} Kf8
{[%clk 0:18:42]} 29. Qh5 {[%clk 0:22:19]} Qd3 {[%clk 0:10:05]} 30. Qh8+
{[%clk 0:18:48]} Ke7 {[%clk 0:10:26]} 31. Rxe6+ {[%clk 0:13:38]} Kxe6
{[%clk 0:10:51]} 32. Qxe8+ {[%clk 0:14:04]} Kf5 {[%clk 0:11:13]} 33. Qh5+
{[%clk 0:12:56]} Ke4 {[%clk 0:11:30]} 34. Qe5+ {[%clk 0:03:41]} Kf3
{[%clk 0:11:26]} 35. Qxg7 {[%clk 0:02:03]} Qxe3+ {[%clk 0:09:03]} 36. Kc2
{[%clk 0:02:23]} Qxf4 {[%clk 0:07:15]} 37. Qh8 {[%clk 0:01:23]} Qe4+
{[%clk 0:06:52]} 38. Kb3 {[%clk 0:01:20]} Qd4 {[%clk 0:04:03]} 39. Qh5+
{[%clk 0:00:50]} Kg3 {[%clk 0:04:23]} 40. Qg5+ {[%clk 0:30:34]} Kh3
{[%clk 0:34:32]} 41. Qd5 {[%clk 0:19:51]} Qe3+ {[%clk 0:34:39]} 42. Ka2
{[%clk 0:19:24]} Kxh4 {[%clk 0:34:43]} 43. Qd7 {[%clk 0:19:45]} Qe4
{[%clk 0:33:32]} 44. Kb3 {[%clk 0:20:09]} Kg5 {[%clk 0:33:38]} 45. Qf7
{[%clk 0:19:12]} Qd4 {[%clk 0:31:26]} 46. Qf3 {[%clk 0:17:56]} Kg6
{[%clk 0:31:35]} 47. Qf1 1/2-1/2

[Event "Ekstraliga 2019"]
[Site "Katowice"]
[Date "2019.09.02"]
[Round "6.15"]
[White "Navara, David"]
[Black "Janik, Igor"]
[Result "1-0"]
[BlackElo "2483"]
[WhiteElo "2724"]
[WhiteTeam "Wasko HETMAN GKS Katowice"]
[BlackTeam "KSz Stilon Gorzow"]
[LiveChessVersion "1.4.8"]

1. e4 {[%clk 1:30:58]} e5 {[%clk 1:30:48]} 2. Nf3 {[%clk 1:31:16]} Nf6
{[%clk 1:31:08]} 3. Nxe5 {[%clk 1:30:23]} d6 {[%clk 1:31:29]} 4. Nf3
{[%clk 1:30:46]} Nxe4 {[%clk 1:31:45]} 5. d4 {[%clk 1:31:12]} d5 {[%clk 1:31:44]}
6. Bd3 {[%clk 1:31:36]} Nc6 {[%clk 1:31:49]} 7. Nc3 {[%clk 1:28:46]} Nxc3
{[%clk 1:28:14]} 8. bxc3 {[%clk 1:29:09]} Bg4 {[%clk 1:27:23]} 9. Rb1
{[%clk 1:28:29]} Rb8 {[%clk 1:26:27]} 10. h3 {[%clk 1:24:51]} Bh5
{[%clk 1:26:11]} 11. Bb5 {[%clk 1:20:30]} Bd6 {[%clk 1:20:32]} 12. Qe2+
{[%clk 1:20:08]} Kf8 {[%clk 1:20:54]} 13. O-O {[%clk 1:18:55]} Ne7
{[%clk 1:19:40]} 14. Bd3 {[%clk 1:04:09]} f6 {[%clk 1:10:47]} 15. c4
{[%clk 0:59:32]} dxc4 {[%clk 1:09:29]} 16. Bxc4 {[%clk 0:59:54]} Qd7
{[%clk 1:09:41]} 17. Re1 {[%clk 0:29:18]} Nc6 {[%clk 0:58:55]} 18. Be6
{[%clk 0:28:25]} Qe8 {[%clk 0:58:11]} 19. Bb2 {[%clk 0:21:15]} Nd8
{[%clk 0:55:48]} 20. d5 {[%clk 0:21:25]} Nxe6 21. dxe6 {[%clk 0:21:49]} Qa4
{[%clk 0:48:23]} 22. Qe3 {[%clk 0:17:39]} Bxf3 {[%clk 0:41:27]} 23. e7+
{[%clk 0:15:20]} Ke8 {[%clk 0:29:29]} 24. Qxf3 {[%clk 0:15:35]} h5
{[%clk 0:29:46]} 25. Bxf6 {[%clk 0:11:32]} gxf6 {[%clk 0:29:03]} 26. Qxf6
{[%clk 0:11:56]} Rg8 {[%clk 0:28:36]} 27. Qe6 {[%clk 0:11:22]} Rg7
{[%clk 0:27:17]} 28. Rxb7 {[%clk 0:11:28]} Ra8 {[%clk 0:27:34]} 29. Reb1
{[%clk 0:09:48]} 1-0

[Event "Ekstraliga 2019"]
[Site "Katowice"]
[Date "2019.09.02"]
[Round "6.16"]
[White "Tomczak, Mikolaj"]
[Black "Gajewski, Grzegorz"]
[Result "0-1"]
[BlackElo "2613"]
[WhiteElo "2432"]
[WhiteTeam "KSz Stilon Gorzow"]
[BlackTeam "Wasko HETMAN GKS Katowice"]
[LiveChessVersion "1.4.8"]

1. e4 {[%clk 1:30:57]} e5 {[%clk 1:30:21]} 2. Nf3 {[%clk 1:31:21]} Nc6
{[%clk 1:30:46]} 3. Bb5 {[%clk 1:31:46]} a6 {[%clk 1:30:06]} 4. Ba4
{[%clk 1:32:12]} Nf6 {[%clk 1:30:30]} 5. O-O {[%clk 1:32:36]} Bc5
{[%clk 1:30:38]} 6. c3 {[%clk 1:29:45]} b5 {[%clk 1:30:51]} 7. Bb3
{[%clk 1:24:32]} d6 {[%clk 1:31:13]} 8. d4 {[%clk 1:24:45]} Bb6 {[%clk 1:31:35]}
9. Be3 {[%clk 1:14:09]} O-O {[%clk 1:30:13]} 10. Nbd2 {[%clk 1:07:16]} Re8
{[%clk 1:20:26]} 11. h3 {[%clk 0:57:03]} Bb7 {[%clk 1:13:11]} 12. d5
{[%clk 0:54:51]} Ne7 {[%clk 1:13:31]} 13. Bxb6 {[%clk 0:55:13]} cxb6
{[%clk 1:13:57]} 14. a4 {[%clk 0:55:03]} bxa4 {[%clk 1:14:21]} 15. Bxa4
{[%clk 0:54:39]} b5 {[%clk 1:11:50]} 16. Bc2 {[%clk 0:55:02]} Ng6
{[%clk 1:12:18]} 17. Qe2 {[%clk 0:51:49]} Nf4 {[%clk 1:10:36]} 18. Qe3
{[%clk 0:49:40]} g5 {[%clk 1:07:03]} 19. g3 {[%clk 0:28:40]} Nxh3+
{[%clk 1:01:29]} 20. Kg2 {[%clk 0:29:06]} Qd7 {[%clk 0:55:01]} 21. Rh1
{[%clk 0:25:30]} Ng4 {[%clk 0:51:58]} 22. Qe2 {[%clk 0:25:42]} Ngxf2
{[%clk 0:50:30]} 23. Nxg5 {[%clk 0:25:43]} Nxg5 {[%clk 0:49:39]} 24. Qxf2
{[%clk 0:25:54]} Qe7 {[%clk 0:45:42]} 25. Rh6 {[%clk 0:22:47]} f5
{[%clk 0:39:59]} 26. Qxf5 {[%clk 0:21:39]} Rf8 {[%clk 0:40:24]} 27. Qg4
{[%clk 0:21:42]} Bc8 {[%clk 0:40:30]} 28. Qe2 {[%clk 0:20:18]} Qg7
{[%clk 0:39:25]} 29. Rhh1 {[%clk 0:12:28]} Ra7 {[%clk 0:30:08]} 30. Raf1
{[%clk 0:12:36]} Rf4 {[%clk 0:28:06]} 31. Qe3 {[%clk 0:08:08]} Raf7
{[%clk 0:28:03]} 32. Bd3 {[%clk 0:06:07]} Bd7 {[%clk 0:21:54]} 33. b3
{[%clk 0:06:24]} a5 {[%clk 0:20:46]} 34. c4 {[%clk 0:06:17]} b4 {[%clk 0:21:14]}
35. c5 {[%clk 0:03:28]} dxc5 {[%clk 0:20:16]} 36. Qxc5 {[%clk 0:03:35]} Ne6
{[%clk 0:17:46]} 37. Qe3 {[%clk 0:02:40]} Rxf1 {[%clk 0:16:13]} 38. Bxf1
{[%clk 0:02:43]} Nf4+ {[%clk 0:16:14]} 39. Kg1 {[%clk 0:02:30]} Qg5
{[%clk 0:16:23]} 40. Qe1 {[%clk 0:31:27]} Nh5 {[%clk 0:41:43]} 41. Kh2
{[%clk 0:29:05]} Qh6 {[%clk 0:41:13]} 42. Kg2 {[%clk 0:26:56]} Nf4+
{[%clk 0:41:09]} 43. Kg1 {[%clk 0:27:02]} Qb6+ {[%clk 0:41:22]} 44. Kh2
{[%clk 0:27:19]} 0-1